| 000 | 01347nam a22003374a 4500 | ||
|---|---|---|---|
| 001 | ebr10022342 | ||
| 003 | CaPaEBR | ||
| 006 | m u | ||
| 007 | cr cn||||||||| | ||
| 008 | 020412s2002 pau sb 001 0 eng | ||
| 010 | _z 2002066551 | ||
| 020 | _z1588112357 (alk. paper) | ||
| 040 |
_aCaPaEBR _cCaPaEBR |
||
| 035 | _a(OCoLC)70752767 | ||
| 050 | 1 | 4 |
_aHV2474 _b.D57 2002eb |
| 082 | 0 | 4 |
_a419 _221 |
| 245 | 0 | 0 |
_aDirections in sign language acquisition _h[electronic resource] / _cedited by Gary Morgan, Bencie Woll. |
| 260 |
_aPhiladelphia : _bJohn Benjamins Pub. Co., _cc2002. |
||
| 300 | _axix, 339 p. | ||
| 490 | 1 |
_aTrends in language acquisition research, _x1569-0644 ; _vv. 2 |
|
| 504 | _aIncludes bibliographical references and index. | ||
| 533 |
_aElectronic reproduction. _bPalo Alto, Calif. : _cebrary, _d2013. _nAvailable via World Wide Web. _nAccess may be limited to ebrary affiliated libraries. |
||
| 650 | 0 | _aSign language acquisition. | |
| 650 | 0 |
_aSign language _xResearch. |
|
| 655 | 7 |
_aElectronic books. _2local |
|
| 700 | 1 |
_aMorgan, Gary, _d1968- |
|
| 700 | 1 |
_aWoll, B. _q(Bencie) |
|
| 710 | 2 | _aebrary, Inc. | |
| 830 | 0 |
_aTrends in language acquisition research ; _vv. 2. |
|
| 856 | 4 | 0 |
_uhttp://site.ebrary.com/lib/rucke/Doc?id=10022342 _zAn electronic book accessible through the World Wide Web; click to view |
| 999 |
_c10414 _d10414 |
||